[Event "Treviso op-C 4th"]
[Site "Treviso"]
[Date "2023.04.02"]
[Round "4"]
[White "Grandin, Riccardo"]
[Black "Barbuio, Giovanni"]
[Result "0-1"]
[WhiteElo "999"]
[BlackElo "1209"]
[PlyCount "76"]
[EventDate "2023.03.31"]
[EventType "swiss"]
[EventRounds "5"]
[EventCountry "ITA"]
[SourceTitle "EXT 2024"]
[Source "ChessBase"]
[SourceDate "2023.10.10"]
[SourceVersion "1"]
[SourceVersionDate "2023.10.10"]
[SourceQuality "1"]

1. d4 d5 2. Bf4 Bf5 3. e3 Nf6 4. Bd3 Bxd3 5. Qxd3 e6 6. Nf3 Nbd7 7. Nbd2 c5 8. c3 Be7 9. h3 0-0 10. Ne5 c4 11. Qc2 Nxe5 12. dxe5 Nd7 13. Nf3 Nc5 14. 0-0 b5 15. Bh2 a5 16. Nd4 Qb6 17. Rfd1 b4 18. cxb4 axb4 19. b3 c3 20. Bf4 Ra3 21. f3 Rfa8 22. Re1 Qa6 23. Re2 Nd3 24. Nc6 Bc5 25. Nd4 Nxf4 26. exf4 Bxd4+ 27. Kh1 g6 28. h4 Bc5 29. g4 d4 30. Qe4 d3 31. Rh2 c2 32. h5 Rxa2 33. hxg6 Rxa1+ 34. Kg2 Rg1+ 35. Kh3 hxg6 36. f5 exf5 37. gxf5 c1Q 38. f6 Qh6+ 0-1